Research methods for business and social science students / (Record no. 83841)
[ view plain ]
| 000 -LEADER | |
|---|---|
| fixed length control field | 00998nam a22002657a 4500 |
| 005 - DATE AND TIME OF LATEST TRANSACTION | |
| control field | 20140506150549.0 |
| 010 ## - LCCN (DPL NO) | |
| LC control number | ENG-109818 |
| 020 ## - INTERNATIONAL STANDARD BOOK NUMBER | |
| International Standard Book Number | 9788132113669 |
| Terms of availability | 625.00 |
| 035 ## - SYSTEM CONTROL NUMBER | |
| System control number | EN-93351 |
| 037 ## - SOURCE OF ACQUISITION | |
| Source of stock number/acquisition | DBAD/PUB |
| 082 ## - DEWEY DECIMAL CLASSIFICATION NUMBER | |
| Classification number | 001.42 |
| 100 ## - MAIN ENTRY--PERSONAL NAME | |
| Personal name | Adams, John |
| 245 00 - TITLE STATEMENT | |
| Title | Research methods for business and social science students / |
| Statement of responsibility, etc | by John Adams, Hafiz T. A. Khan [and] Robert Raeside |
| 250 ## - EDITION STATEMENT | |
| Edition statement | 2nd ed |
| 260 ## - PUBLICATION, DISTRIBUTION, ETC. (IMPRINT) | |
| Place of publication, distribution, etc | New Delhi |
| Name of publisher, distributor, etc | Sage Publications |
| Date of publication, distribution, etc | 2014 |
| 270 ## - ADDRESS | |
| Address | B1/I-1 Mohan Cooperative Industrial Area Mathura Road |
| City | New Delhi |
| Postal code | 110044 |
| 300 ## - PHYSICAL DESCRIPTION | |
| Extent | xii,290p. |
| Dimensions | 24cm(pbk) |
| 500 ## - GENERAL NOTE | |
| General note | Revised edition of: Research methods for graduate business and social science students / John Adams ... [et al.], published in 2007. |
| 500 ## - GENERAL NOTE | |
| General note | Includes bibliographical references. |
| 650 ## - SUBJECT ADDED ENTRY--TOPICAL TERM | |
| Topical term or geographic name as entry element | Social sciences |
| General subdivision | Research. |
| 650 ## - SUBJECT ADDED ENTRY--TOPICAL TERM | |
| Topical term or geographic name as entry element | Social sciences |
| General subdivision | Methodology. |
| 700 ## - ADDED ENTRY--PERSONAL NAME | |
| Personal name | Khan, Hafiz T. A. |
| 700 ## - ADDED ENTRY--PERSONAL NAME | |
| Personal name | Raeside, Robert |
| 942 ## - ADDED ENTRY ELEMENTS (KOHA) | |
| Source of classification or shelving scheme | Dewey Decimal Classification |
| Item type | English Books |
| Call number suffix | ADA |
| Classification part | 001.42 |
| Withdrawn status | Lost status | Not for loan | Collection code | Home library | Current library | Date acquired | Source of acquisition | Cost, normal purchase price | Full call number | Barcode | Copy number | Cost, replacement price | Koha item type |
|---|---|---|---|---|---|---|---|---|---|---|---|---|---|
| Not For Loan | Non-fiction | D.B.Act.Division | D.B.Act.Division | 28/04/2014 | DBAD/PUB | 625.00 | 001.42 ADA | EN-93351 | 1 | 625.00 | English Books |
